000 00307nam a2200121Ia 4500
008 190107s9999 xx 000 0 und d
020 _a9788187326830
100 _aJ.Krishnamurti
245 0 _aWorld within: You are the story of humanity
260 _bKrishnamurti foundations
365 _b295/-
942 _cBK
999 _c773
_d773